| 000 | 00947pam a2200253 a 4500 | ||
|---|---|---|---|
| 001 | 3921523 | ||
| 003 | OSt | ||
| 005 | 20230915132700.0 | ||
| 008 | 920106s1992 ilua b 001 0 eng | ||
| 010 | _a 92002930 | ||
| 020 | _a0873223632 | ||
| 040 |
_aDLC _cDLC _dDLC |
||
| 050 | 0 | 0 |
_aGV363 _b.R28 1992 |
| 082 | 0 | 0 |
_a613.7107 _bRAN/S |
| 100 | 1 |
_aRandall, Lynda E. _99478 |
|
| 245 | 1 | 0 |
_aSystematic supervision for physical education / _cLynda E. Randall. |
| 260 |
_aChampaign, Ill. : _bHuman Kinetics Publishers, _cc1992. |
||
| 300 |
_axi, 252 p. : _bill. ; _c29 cm. |
||
| 504 | _aIncludes bibliographical references (p. 225-242) and indexes. | ||
| 650 | 0 |
_aPhysical education teachers _xTraining of. |
|
| 906 |
_a7 _bcbc _corignew _d1 _eocip _f19 _gy-gencatlg |
||
| 942 |
_2ddc _cBK _h613.7107 _iRAN/S _k613.7107 _mRAN/S |
||
| 999 |
_c42489 _d42489 |
||